[Event "Malmo"]
[Site "Malmo"]
[Date "1994.??.??"]
[Round "2"]
[White "Hansen, Curt"]
[Black "Ahlander, Bjorn"]
[Result "1-0"]
[WhiteElo "2580"]
[BlackElo "2415"]

1.c4 e6 2.Nc3 d5 3.d4 Be7 4.Nf3 Nf6 5.Bf4 O-O 6.e3 c5 7.dxc5 Bxc5 8.a3 Nc6
9.Qc2 Qa5 10.Rd1 Be7 11.Nd2 e5 12.Bg5 d4 13.Nb3 Qd8 14.exd4 exd4 15.Be2 Ng4
16.Bxe7 Qxe7 17.Nxd4 Nxd4 18.Rxd4 Nxf2 19.Kxf2 Qf6+ 20.Ke3 Bf5 21.Qd2 Rad8
22.Nd5 Rfe8+ 23.Kf2 Rxd5 24.Rxd5 Bd3+ 25.Bf3 Re2+ 26.Qxe2 Bxe2 27.Re1 g5
28.Kxe2 Qf4 29.Kd3 h6 30.h3 Qf6 31.Kc2 a6 32.Kb1  1-0

[Event "BLR-ch"]
[Site "Minsk"]
[Date "1994.??.??"]
[Round "9"]
[White "Rustemov, Alexander"]
[Black "Begun, Sergei M"]
[Result "1/2-1/2"]
[WhiteElo "2435"]
[BlackElo "2380"]

1.c4 e6 2.Nc3 d5 3.d4 Nf6 4.Nf3 Be7 5.Bf4 O-O 6.e3 a6 7.c5 b6 8.b4 Nc6 9.Rb1 bxc5
10.bxc5 Ne4 11.Nxe4 dxe4 12.Nd2 f5 13.h4 Bf6 14.Nc4 Qe7 15.h5 Rd8 16.Qc1 e5
17.dxe5 Nxe5 18.Nxe5 Bxe5 19.Bc4+ Kf8 20.h6 g6 21.Bxe5 Qxe5 22.O-O Ke7 23.Qa3 Be6
24.Bxe6 Kxe6 25.Rb7 Kf6 26.Qa5 Rd7 27.g3 Kg5 28.Qa4 Qe6 29.c6 Re7 30.f4+ Kxh6
31.Qd4 Rf8 32.Rb2 Qf6 33.Qc5 Kg7 34.Rd2 Rff7 35.Rfd1 h5 36.Rd8 Re6 37.R8d7 Ree7
38.Kg2 Rxd7 39.Rxd7 Qe6 40.Qd4+ Qf6 41.Qd5 Kf8 42.Kh3 Ke8 43.a3 Kf8 44.a4 Ke8
45.Kg2 Qb2+ 46.Kh3 Qf6 47.a5 Rg7 48.Qd1 Rf7 49.Qd5 Rg7 50.Qd1 Rf7 51.Qd5  1/2-1/2

[Event "Veterans-Women"]
[Site "Monte Carlo"]
[Date "1994.??.??"]
[Round "12"]
[White "Portisch, Lajos"]
[Black "Ioseliani, Nana"]
[Result "1/2-1/2"]
[WhiteElo "2605"]
[BlackElo "2435"]

1.d4 d5 2.c4 e6 3.Nc3 Be7 4.Nf3 Nf6 5.Bf4 O-O 6.e3 c5 7.dxc5 Bxc5 8.cxd5 exd5
9.Be2 Nc6 10.O-O a6 11.Rc1 Be6 12.a3 Rc8 13.Nb5 Qb6 14.Rxc5 Qxc5 15.Bd6 Qb6
16.Bxf8 Kxf8 17.Nbd4 Qxb2 18.a4 Bg4 19.Nxc6 Rxc6 20.h3 Bd7 21.Nd4 Rc8 22.Bd3 g6
23.Bc2 Kg7 24.Qb1 Qxb1 25.Rxb1 Rc7 26.f3 Kf8 27.g4 Be6 28.h4 Nd7 29.Kf2 Nc5
30.a5 Bd7 31.Rb4 Ke7 32.h5 Ne6 33.Bb3 Nc5 34.Bc2 Ne6 35.Bb3 Rc5 36.Rxb7 Nxd4
37.exd4 Rxa5 38.h6 Rb5 39.Rxb5 axb5 40.Bxd5 Be6 41.Be4 Kd6 42.Ke3 b4 43.Bb1 f5  1/2-1/2

[Event "Montecatini Terme op"]
[Site "Montecatini Terme"]
[Date "1994.??.??"]
[Round "1"]
[White "Malaniuk, Vladimir P"]
[Black "Leoncini, Mario"]
[Result "1-0"]
[WhiteElo "2610"]
[BlackElo "2195"]

1.d4 d5 2.c4 e6 3.Nf3 Nf6 4.Nc3 Be7 5.Bf4 O-O 6.e3 c6 7.a3 Nbd7 8.Bd3 Re8
9.O-O Nh5 10.Be5 Nxe5 11.dxe5 g6 12.Qc2 f5 13.exf6 Bxf6 14.Rad1 Qe7 15.Rfe1 Kh8
16.h3 Bg7 17.Bf1 dxc4 18.Bxc4 e5 19.Bd3 Be6 20.Ne4 Bd5 21.Nfd2 Nf6 22.Nxf6 Bxf6
23.Be4 Be6 24.Nf3 Red8 25.Qc3 Bf7 26.Qa5 a6 27.Qb6 Rxd1 28.Rxd1 a5 29.Rc1 a4
30.Rc5 Bb3 31.Kh2 Rd8 32.Ra5 Bd1 33.Ne1 Bh4 34.g3 Bg5 35.Ra7 Qf6 36.Qxb7  1-0

[Event "Moscow ol (Men)"]
[Site "Moscow"]
[Date "1994.??.??"]
[Round "1"]
[White "Miles, Anthony J"]
[Black "Altanoch, Genden"]
[Result "1-0"]
[WhiteElo "2600"]
[BlackElo "2325"]

1.d4 d5 2.Nf3 Nf6 3.c4 e6 4.Nc3 Be7 5.Bf4 O-O 6.e3 c5 7.dxc5 Bxc5 8.a3 b6
9.cxd5 Nxd5 10.Nxd5 Qxd5 11.Qxd5 exd5 12.Rc1 a5 13.Bb5 Ba6 14.Bxa6 Nxa6 15.Ke2 f6
16.Rhd1 Rfd8 17.Nd4 Kf7 18.Nb5 Ke6 19.Rd3 Rd7 20.Rb3 Kf5 21.Bg3 Re8 22.Kd3 g5
23.Rbc3 h5 24.h3 h4 25.Bh2 Re4 26.Nd4+ Kg6 27.Rd1 f5 28.Kc2 f4 29.Nf3 fxe3
30.fxe3 Kh5 31.Ne5 Rd8 32.Ng4 Kg6 33.Rcd3 d4 34.Kb1 Rd5 35.Bg1 dxe3 36.Rxd5 e2
37.Re1 Bxg1 38.Rd6+ Kg7 39.Rd2 Bd4 40.Rdxe2 Rxe2 41.Rxe2 Nc5 42.Kc2 a4 43.Ne3 Kg6
44.Nd5 Nb3 45.Nxb6  1-0

[Event "PCA/Intel-GP"]
[Site "Moscow"]
[Date "1994.??.??"]
[Round "1"]
[White "Ehlvest, Jaan"]
[Black "Short, Nigel D"]
[Result "1/2-1/2"]
[WhiteElo "2610"]
[BlackElo "2655"]

1.d4 d5 2.c4 e6 3.Nc3 Nf6 4.Nf3 Be7 5.Bf4 O-O 6.e3 c5 7.dxc5 Bxc5 8.a3 Nc6
9.Rc1 Be7 10.cxd5 exd5 11.Be2 Be6 12.Nd4 Rc8 13.O-O a6 14.Nxc6 Rxc6 15.Be5 Nd7
16.Bd4 Nb6 17.Bd3 Bf6 18.Bb1 g6 19.b3 Qe7 20.Bxf6 Qxf6 21.Ne2 Rxc1 22.Qxc1 Rc8
23.Qd2 Bf5 24.Bxf5 Qxf5 25.Nd4 Qf6 26.h3 Qd6 27.a4 Nd7 28.Rc1 Rc7 29.Rxc7 Qxc7
30.Ne2 Nf6 31.f3 Qe5 32.Nd4 h5 33.h4 Ne8 34.Ne2 Nd6 35.Nd4 Qf6 36.Qf2 Nf5
37.Nxf5 Qxf5 38.Qb2 Qd3 39.Kf2 a5 40.b4 b6 41.bxa5 bxa5 42.Qb8+ Kh7 43.Qf4 Kg8
44.Kg3 Qd2 45.Qd4 Qe1+ 46.Kh2 Kh7 47.Qf4 Kg8  1/2-1/2

[Event "Moscow ol (Men)"]
[Site "Moscow"]
[Date "1994.??.??"]
[Round "3"]
[White "Stull, Norbert"]
[Black "Arencibia, Walter"]
[Result "0-1"]
[WhiteElo "2230"]
[BlackElo "2480"]

1.d4 d5 2.Nf3 Nf6 3.c4 e6 4.Nc3 Be7 5.Bf4 O-O 6.e3 c5 7.dxc5 Bxc5 8.Be2 Nc6
9.O-O a6 10.cxd5 exd5 11.Rc1 Ba7 12.Ne5 Re8 13.Nxc6 bxc6 14.Na4 Bb7 15.Qb3 Qe7
16.Bf3 c5 17.Rfd1 Rad8 18.Qc2 Rc8 19.Bg5 d4 20.Bxb7 Qxb7 21.Bxf6 gxf6 22.Qf5 dxe3
23.fxe3 c4 24.Qg4+ Kf8 25.Rxc4 h5 26.Qh4 Bxe3+ 27.Kh1 Bg5 28.Qd4 Rxc4 29.Qxc4 Kg7
30.h3 Re3 31.Kh2 Qb8+ 32.Kg1 h4 33.Nc5 Qxb2 34.Nd7 Re2 35.Qd5 Qxa2 36.Qd6 Rxg2+
37.Kh1 Rg3  0-1

[Event "Moscow ol (Men)"]
[Site "Moscow"]
[Date "1994.??.??"]
[Round "7"]
[White "Brestian, Egon"]
[Black "Murugan, Krishnamoorthy"]
[Result "1/2-1/2"]
[WhiteElo "2445"]
[BlackElo "2440"]

1.d4 Nf6 2.Nf3 e6 3.c4 d5 4.Nc3 Be7 5.Bf4 O-O 6.e3 c5 7.Be2 cxd4 8.Nxd4 Nbd7
9.Bg3 dxc4 10.Bxc4 Nb6 11.Bb3 Nbd5 12.Nxd5 Nxd5 13.O-O Bf6 14.Rc1 Qb6 15.Qe2 Bxd4
16.exd4 Bd7 17.Rc5 Bc6 18.Bc2 Qd8 19.Qh5 h6 20.Bb1 Nf6 21.Qh4 Nd7 22.Rc3 Qxh4
23.Bxh4 Rfc8 24.f3 Nb6 25.Rfc1 Nd5 26.Rc5 Bd7 27.Be4 Rxc5 28.dxc5 Bc6 29.Be1 Rd8
30.Rd1 f5 31.Bxd5 Rxd5 32.Rxd5 Bxd5 33.a3 e5 34.Bc3 e4 35.fxe4 Bxe4 36.h4  1/2-1/2

[Event "Moscow ol (Men)"]
[Site "Moscow"]
[Date "1994.??.??"]
[Round "12"]
[White "Hansen, Lars Bo"]
[Black "Lalic, Bogdan"]
[Result "1/2-1/2"]
[WhiteElo "2580"]
[BlackElo "2530"]

1.d4 Nf6 2.Nf3 d5 3.c4 e6 4.Nc3 Be7 5.Bf4 O-O 6.e3 c5 7.dxc5 Bxc5 8.Qc2 Nc6
9.a3 Qa5 10.Nd2 Bb4 11.cxd5 exd5 12.Bd3 d4 13.O-O Bxc3 14.Nc4 Qh5 15.bxc3 Nd5
16.Bg3 dxe3 17.Rae1 Be6 18.Nxe3 h6 19.Nc4 Rad8 20.Nd6 b6 21.Bb5 Nde7 22.Be2 Bg4
23.Bd3 Rd7 24.Bh7+ Kh8 25.Be4 Qc5 26.Qd2 Nf5 27.Bxf5 Bxf5 28.Qe3 Qxe3 29.Rxe3 Bg6
30.Rfe1 Kh7 31.h4 Rfd8 32.Nc4 Rd5 33.Ne5 Na5 34.c4 Rd1 35.Rxd1 Rxd1+ 36.Kh2 Bh5
37.Rc3 f6 38.Nf3 Nc6 39.a4 Bf7  1/2-1/2

[Event "New York op"]
[Site "New York"]
[Date "1994.??.??"]
[Round "2"]
[White "Solomon, Daniela"]
[Black "Garcia, Gildardo"]
[Result "0-1"]
[WhiteElo "2275"]
[BlackElo "2520"]

1.c4 Nf6 2.Nf3 e6 3.Nc3 d5 4.d4 Be7 5.Bf4 O-O 6.e3 c5 7.Bd3 cxd4 8.exd4 dxc4
9.Bxc4 a6 10.O-O b5 11.Bb3 Bb7 12.Rc1 b4 13.Na4 Nd5 14.Bg3 Nd7 15.Re1 Rc8
16.Qe2 Qa5 17.Ne5 Nxe5 18.Bxe5 Rfd8 19.Qg4 Nf6 20.Qg3 Ne8 21.h4 Qb5 22.h5 h6
23.Qh3 Rxc1 24.Rxc1 Bd5 25.Qg3 Qe2 26.Bxd5 Rxd5 27.b3 Qxh5 28.Nb6 Rd8 29.Nc8 Bf8
30.Qe3 Nf6 31.Bxf6 gxf6 32.Na7 Bd6 33.g3 Kg7 34.Nc6 Rc8 35.Qe4 f5 36.Qd3 f4
37.Rc2 Rg8 38.Kg2 fxg3 39.fxg3 Kh8 40.Ne5 Bxe5 41.dxe5 Qxe5 42.Rc4 a5 43.Qf3 f5
44.Kh3 Qg7 45.Rc5 e5 46.Rc2 f4 47.g4 h5 48.gxh5 Qg1  0-1

[Event "PCA/Intel-GP"]
[Site "New York"]
[Date "1994.??.??"]
[Round "3"]
[White "Kramnik, Vladimir"]
[Black "Ivanchuk, Vassily"]
[Result "1/2-1/2"]
[WhiteElo "2725"]
[BlackElo "2695"]

1.Nf3 d5 2.d4 Nf6 3.c4 e6 4.Nc3 Be7 5.Bf4 O-O 6.e3 c5 7.dxc5 Bxc5 8.a3 Nc6
9.Rc1 a6 10.cxd5 exd5 11.b4 Ba7 12.Be2 d4 13.exd4 Nxd4 14.Nxd4 Qxd4 15.Be3 Qxd1+
16.Nxd1 Bd7 17.Bf3 a5 18.Bxb7 Bxe3 19.Nxe3 Rab8 20.Bf3  1/2-1/2

[Event "PCA-op"]
[Site "New York"]
[Date "1994.??.??"]
[Round "7"]
[White "Agdestein, Simen"]
[Black "Garcia, Gildardo"]
[Result "1/2-1/2"]
[WhiteElo "2600"]
[BlackElo "2540"]

1.d4 d5 2.c4 e6 3.Nc3 Nf6 4.Nf3 Be7 5.Bf4 O-O 6.e3 c5 7.dxc5 Bxc5 8.Qc2 Nc6
9.a3 Qa5 10.Nd2 Bb4 11.cxd5 exd5 12.Nb3 Bxc3+ 13.bxc3 Qa4 14.Bd3 Re8 15.O-O Ne5
16.Nd4 Qxc2 17.Bxc2 Bd7 18.Rfb1 b6 19.a4 Nc4 20.Bd3 Ne4 21.Bxc4 dxc4 22.Ra3 Rac8
23.h4 h6 24.f3 Nc5 25.e4 Bxa4 26.Bd6 Rcd8 27.Bxc5 bxc5 28.Nf5 Bb3 29.Rxa7 Rd3
30.Rc1 Red8 31.Rc7 Ra8 32.Ne7+ Kf8 33.Nd5 Rd2 34.Rxc5 g6 35.Nb4 h5 36.Kh2 Ke7
37.Kg3 Ke6 38.Rc6+ Kd7 39.Rf6 Ke7 40.Rb6 Kf8 41.Re1 Rad8 42.Ra1 R8d7 43.Rb8+ Kg7
44.Raa8 Kf6 45.Re8 R7d3 46.e5+ Kf5 47.Ra6  1/2-1/2

[Event "JUG-chT"]
[Site "Nis"]
[Date "1994.??.??"]
[Round "?"]
[White "Kohlweyer, Bernd"]
[Black "Petronijevic, Zoran"]
[Result "1-0"]
[WhiteElo "2450"]
[BlackElo "2345"]

1.d4 d5 2.c4 e6 3.Nf3 Nf6 4.Nc3 Be7 5.Bf4 O-O 6.e3 c5 7.dxc5 Nc6 8.a3 Bxc5
9.Qc2 Qa5 10.O-O-O Bd7 11.g4 dxc4 12.Bxc4 b5 13.g5 Nh5 14.Bxb5 Nxf4 15.Rxd7 Bxa3
16.exf4 Rfc8 17.Kb1 Rab8 18.Nd2 Bxb2 19.Qxb2 Ne7 20.Rc1 Nf5 21.Nb3 Qb6 22.Qd2 g6
23.Kb2 a6 24.Ba4 Rc4 25.Rd1 Kg7 26.Qe2 Rc5 27.Ka2 Rcc8 28.Qe5+ Kg8 29.Qf6 Rf8
30.R1d2 Rbc8 31.Kb2 Qb4 32.Qe5 Rb8 33.Re7 a5 34.Rdd7 Ng7 35.Qd4  1-0

[Event "NLD-ch op"]
[Site "?"]
[Date "1994.??.??"]
[Round "?"]
[White "Van Wely, Loek"]
[Black "Ziatdinov, Raset"]
[Result "1-0"]
[WhiteElo "2560"]
[BlackElo "2410"]

1.d4 d5 2.c4 e6 3.Nc3 Nf6 4.Nf3 Be7 5.Bf4 O-O 6.e3 c5 7.dxc5 Bxc5 8.a3 Nc6
9.Qc2 Qe7 10.b4 Nxb4 11.axb4 Bxb4 12.Nd2 Bd7 13.Be2 Rfc8 14.O-O b5 15.Be5 dxc4
16.Bf3 Nd5 17.Nxd5 exd5 18.Bd4 Bc6 19.Ra6 Bb7 20.Rxa7 Rxa7 21.Bxa7 Bc5 22.Bxc5 Qxc5
23.Rc1 b4 24.e4 dxe4 25.Nxe4 Bxe4 26.Bxe4 g6 27.g3 Qe5 28.Rb1 Qa5 29.Bd3 Qc5
30.Bf1 Rc6 31.Rd1 Kg7 32.h4 c3 33.Bg2 Rf6 34.Bd5 h5 35.Bb3 Rd6 36.Rxd6 Qxd6
37.Qe4 Qc5 38.Qb7 Qf5 39.Qxb4 Qb1+ 40.Kg2 Qb2 41.Qc4  1-0

[Event "NLD-ch op"]
[Site "?"]
[Date "1994.??.??"]
[Round "?"]
[White "Van Wely, Loek"]
[Black "Huzman, Alexander"]
[Result "0-1"]
[WhiteElo "2560"]
[BlackElo "2575"]

1.d4 Nf6 2.c4 e6 3.Nf3 d5 4.Nc3 Be7 5.Bf4 O-O 6.e3 c5 7.dxc5 Bxc5 8.a3 Nc6
9.Qc2 Qa5 10.O-O-O Be7 11.Kb1 a6 12.Nd2 b5 13.Nb3 Qb6 14.cxd5 exd5 15.Bg5 Be6
16.Bxf6 Bxf6 17.Nxd5 Bxd5 18.Rxd5 Rac8 19.Bd3 Nb4 20.Bxh7+ Kh8 21.axb4 Rxc2
22.Bxc2 Rd8 23.Rhd1 Rxd5 24.Rxd5 Qe6 25.e4 Qg4 26.g3 Qe2 27.e5 Be7 28.f4 Qe1+
29.Nc1 Kg8 30.Rd1 Qxb4 31.f5 Kf8 32.h4 Qc5 33.Nd3 Qe3 34.h5 Qg5 35.g4 Qxg4
36.h6 Qxf5 37.Nc5 Qh5 38.Nd7+ Kg8 39.hxg7 Kxg7 40.Rg1+ Kh6 41.e6 fxe6 42.Re1 Qd5
43.Ne5 Bf6 44.Nd3 Qd6 45.Re4 Bd4 46.Rg4 e5 47.Ne1 Qf6 48.Nd3 Qf5 49.Rg8 Qf1+
50.Ka2 e4  0-1

[Event "NLD-ch"]
[Site "?"]
[Date "1994.??.??"]
[Round "1"]
[White "Cifuentes Parada, Roberto"]
[Black "Van der Sterren, Paul"]
[Result "1-0"]
[WhiteElo "2500"]
[BlackElo "2605"]

1.d4 Nf6 2.Nf3 d5 3.c4 e6 4.Nc3 Be7 5.Bf4 O-O 6.e3 c5 7.dxc5 Bxc5 8.a3 Nc6
9.Rc1 Be7 10.cxd5 Nxd5 11.Nxd5 exd5 12.Bd3 Bf6 13.b4 Bg4 14.Rc5 d4 15.e4 Re8
16.h3 Bxf3 17.Qxf3 a5 18.O-O axb4 19.axb4 Nxb4 20.Bc4 Rc8 21.Rxc8 Qxc8 22.Qb3 Rxe4
23.Bxf7+ Kh8 24.Qxb4 Rxf4 25.Re1 Be5 26.Qe7 Re4 27.Kf1 Rxe1+ 28.Kxe1 Qc1+
29.Ke2 Qc2+ 30.Ke1 Qc1+ 31.Ke2 Qc2+ 32.Ke1 Qb1+ 33.Ke2 d3+ 34.Kf3 Qd1+ 35.Ke4 Qe1+
36.Kd5 Qa5+ 37.Ke6 h5 38.Qe8+ Kh7 39.Qg8+ Kh6 40.Qh8+ Kg5 41.Qxh5+  1-0

[Event "Orel"]
[Site "Orel"]
[Date "1994.??.??"]
[Round "1"]
[White "Legky, Nikolay A"]
[Black "Pushkov, Nikolai"]
[Result "1-0"]
[WhiteElo "2525"]
[BlackElo "2510"]

1.d4 d5 2.c4 e6 3.Nc3 Be7 4.Nf3 Nf6 5.Bf4 O-O 6.e3 b6 7.Bd3 dxc4 8.Bxc4 Bb7
9.O-O Nbd7 10.Qe2 Ne4 11.Rac1 Nxc3 12.Rxc3 c5 13.Rd1 cxd4 14.Nxd4 Bb4 15.Nxe6 fxe6
16.Bxe6+ Kh8 17.Rc7 Qe7 18.Qg4 Nf6 19.Rxe7 Bxe7 20.Qe2 Rfd8 21.h3 Rxd1+ 22.Qxd1 Rd8
23.Qc2  1-0

[Event "Oslo op"]
[Site "Oslo"]
[Date "1994.??.??"]
[Round "4"]
[White "Tisdall, Jonathan D"]
[Black "Lyrberg, Patrik"]
[Result "1-0"]
[WhiteElo "2465"]
[BlackElo "2415"]

1.Nf3 d5 2.d4 Nf6 3.c4 e6 4.Nc3 Be7 5.Bf4 O-O 6.e3 c6 7.Qc2 Nbd7 8.a3 h6
9.h3 dxc4 10.Bxc4 b5 11.Be2 Bb7 12.O-O a6 13.Rfd1 Qb6 14.a4 Rac8 15.Ne5 Rfd8
16.Qb3 b4 17.a5 Qa7 18.Nxd7 Nxd7 19.Ne4 Nf8 20.Rac1 Rd5 21.Nc5 e5 22.Bxe5 Bxc5
23.Rxc5 Rxc5 24.dxc5 Qxc5 25.Bd6 Qxa5 26.Bxb4 Qb6 27.Bc4 Rc7 28.Qa3 c5 29.Qa5 Qg6
30.Be1 Ne6 31.Bc3 Re7 32.Qb6 Qe4 33.Qd6 Re8 34.Qg3 a5 35.Rd7 Rf8 36.Bd3 Qc6
37.Rd6 Qc7 38.Bc4 Qe7 39.Qe5 Qg5 40.Qxg5 Nxg5 41.Rg6  1-0

[Event "Paris op"]
[Site "Paris"]
[Date "1994.??.??"]
[Round "5"]
[White "Danielian, Oganes"]
[Black "Van Hasselt, Frank"]
[Result "0-1"]
[WhiteElo "2445"]
[BlackElo "2210"]

1.d4 d5 2.c4 e6 3.Nc3 Nf6 4.Nf3 Be7 5.Bf4 c6 6.e3 Nbd7 7.Qc2 O-O 8.Rd1 b6
9.Be2 Bb7 10.O-O Rc8 11.Ne5 c5 12.dxc5 Nxe5 13.Bxe5 Bxc5 14.Qb1 Nd7 15.Bg3 dxc4
16.Bxc4 Qe7 17.Ne4 Rfd8 18.Bb5 a6 19.Bd6 Qh4 20.Bg3 Qxe4 21.Qxe4 Bxe4 22.Bxd7 Ra8
23.Bc7 Rf8 24.Bd6 Rfd8 25.Bc7 Rf8 26.a3 Ra7 27.Be5 b5 28.Bd6 Bxd6 29.Rxd6 Rd8
30.Rc1 Kf8 31.Rc8 Rxc8 32.Bxc8 Ke7 33.Rb6 Kd8 34.Rxa6 Rc7 35.f3 Bc6 36.Bxe6 fxe6
37.e4 Kd7 38.Kf2 h6 39.Ke3 Ke7 40.Kd4 Bd7 41.g4 Rc2 42.b3 Rb2 43.Ke5 Rxh2
44.f4 Rg2 45.a4 bxa4 46.bxa4 Rxg4 47.Ra8 Rg1 48.a5 Ra1 49.a6 Ra5+ 50.Kd4 Bc6
51.Ra7+ Kf6 52.e5+ Kg6 53.Re7 Bd5 54.a7 h5  0-1

[Event "Paris"]
[Site "Paris"]
[Date "1994.??.??"]
[Round "8"]
[White "Goldin, Alexander"]
[Black "Lamoureux, Charles"]
[Result "1-0"]
[WhiteElo "2585"]
[BlackElo "2425"]

1.d4 e6 2.c4 d5 3.Nf3 Nf6 4.Nc3 Be7 5.Bf4 c6 6.e3 O-O 7.Qc2 Nbd7 8.Bd3 Re8
9.O-O dxc4 10.Bxc4 Nd5 11.Bxd5 exd5 12.Nxd5 Bd6 13.Bxd6 cxd5 14.Rac1 Qb6
15.Bc7 Qa6 16.Qb3 Nf8 17.Ne5 Bf5 18.Qxd5 Be6 19.Qa5 Qxa5 20.Bxa5 Bxa2 21.Rc7 f6
22.Nd3 b6 23.Bd2 Ne6 24.Rc3 a5 25.Ra1 Bd5 26.f3 b5 27.Rcc1 Bc4 28.Nf2 a4
29.Ne4 Red8 30.Bb4 Rab8 31.Nd6 Bb3 32.Rc3 Rb6 33.Nc8 Rb7 34.Rac1 Rbd7 35.Rc6 h6
36.Kf2 Kh7 37.Ba5 Rf8 38.Bb4 Rfd8 39.Nd6 Rb8 40.Rc8 Rb6 41.R1c6 Rxc6 42.Rxc6 Bd5
43.Rc1 Bb3 44.Ba3 Nc7 45.e4 g5 46.Ke3 f5 47.Rc6 fxe4 48.fxe4 Re7 49.Kd3 Ne6
50.g3  1-0

[Event "San Martin"]
[Site "San Martin"]
[Date "1994.??.??"]
[Round "9"]
[White "Fiorito, Fabian"]
[Black "Soppe, Guillermo"]
[Result "0-1"]
[WhiteElo "2455"]
[BlackElo "2430"]

1.d4 d5 2.c4 e6 3.Nc3 Nf6 4.Nf3 Be7 5.Bf4 O-O 6.e3 a6 7.Qc2 Nc6 8.a3 Bd7
9.h3 Be8 10.Bd3 dxc4 11.Bxc4 h6 12.O-O Bd6 13.Be5 Nd7 14.Bxd6 cxd6 15.Ba2 d5
16.e4 dxe4 17.Nxe4 Nf6 18.Rad1 Nd5 19.Bb1 g6 20.h4 Rc8 21.Qd2 Kg7 22.g3 Nce7
23.Ne5 Nf5 24.Rfe1 Ba4 25.Rc1 Rxc1 26.Rxc1 Nde7 27.Nf3 Bc6 28.Rd1 Bd5 29.Qe2 h5
30.Nc3 Qd6 31.Nxd5 Nxd5 32.Ne5 Nde7 33.Nc4 Qc7 34.Qe5+ Qxe5 35.dxe5 Rc8 36.Nd6 Nxd6
37.exd6 Nc6 38.Be4 Nd8 39.Rd3 Kf6 40.f4 Rc1+ 41.Kg2 Rc2+ 42.Kh3 Rxb2 43.Rc3 Rb6
44.Rd3 Kg7 45.Bf3 Kf8 46.g4 hxg4+ 47.Kxg4 Ke8 48.h5 gxh5+ 49.Kxh5 Kd7 50.Kg5 Rb5+
51.Kg4 Rb6 52.Kg5 Rb5+ 53.Kg4 f6 54.Bd1 Rc5 55.Bb3 Rc6 56.Kh5 Rxd6 57.Re3 Rd4
58.f5 exf5 59.Kg6 f4 60.Rh3 Re4 61.Bc2  0-1

[Event "Stockholm op"]
[Site "Stockholm"]
[Date "1994.??.??"]
[Round "?"]
[White "Sjodin, Bengt"]
[Black "Ornstein, Axel"]
[Result "0-1"]
[WhiteElo "2120"]
[BlackElo "2430"]

1.d4 Nf6 2.Nf3 e6 3.c4 d5 4.Nc3 Be7 5.Bf4 O-O 6.e3 c5 7.cxd5 exd5 8.dxc5 Bxc5
9.a3 Nc6 10.Rc1 Bb6 11.Be2 Be6 12.O-O h6 13.Ne5 Ne7 14.Nb5 Nf5 15.g4 Ne7
16.Nd4 Rc8 17.Qd3 Ne4 18.h3 Bxd4 19.Rxc8 Qxc8 20.exd4 f6 21.Rc1 Qd8 22.Nf3 Nc6
23.Nd2 f5 24.Bg3 Nxg3 25.fxg3 fxg4 26.hxg4 Qg5 27.Rc5 Qf6 28.Qe3 Nxd4 29.Bd1 Nc6
30.Bb3 Rd8 31.Kg2 Ne5 32.Rc7 Nxg4 33.Qe2 Rf8 34.Nf3 Rf7 35.Rc5 Re7 36.Qd2 Bf7
37.Rc8+ Kh7 38.Bc2+ Bg6 39.Bxg6+ Qxg6 40.Qf4 Re2+ 41.Kg1 Qd3  0-1

[Event "Rilton Cup9495"]
[Site "Stockholm"]
[Date "1994.??.??"]
[Round "6"]
[White "Astrom, Robert"]
[Black "Nordstrom, Felix"]
[Result "1-0"]
[WhiteElo "2390"]
[BlackElo "2205"]

1.d4 d5 2.c4 e6 3.Nf3 Nf6 4.Nc3 Be7 5.Bf4 O-O 6.e3 c5 7.dxc5 Bxc5 8.a3 Nc6
9.Qc2 Qa5 10.O-O-O a6 11.Nd2 Be7 12.Be2 e5 13.Bg5 d4 14.Nb3 Qb6 15.exd4 exd4
16.Bxf6 dxc3 17.Bxc3 Qxf2 18.Rhf1 Qe3+ 19.Kb1 Be6 20.Nd4 Rfd8 21.Nxe6 Rxd1+
22.Rxd1 Qxe6 23.Bd3 g6 24.Qe2 Qxe2 25.Bxe2 Rd8 26.Rxd8+ Bxd8 27.Bf3 Kf8 28.Kc2 Bc7
29.h3 Ke7 30.b4 f5 31.Kb3 Nd8 32.c5 Bg3 33.Kc4 Kd7 34.a4 Kc7 35.Kd5 Kd7 36.Kc4 Ke7
37.b5 axb5+ 38.axb5 Kd7 39.Bf6 f4 40.Bxd8 Kxd8 41.Bxb7 h5 42.Bf3 Bf2 43.b6 Kc8
44.Kb5 Bd4 45.c6 Be5 46.Be4 g5 47.Bf3  1-0

[Event "SVK-chT"]
[Site "?"]
[Date "1994.??.??"]
[Round "?"]
[White "Golod, Vitali"]
[Black "Briestensky, Rastislav"]
[Result "1-0"]
[WhiteElo "2490"]
[BlackElo "2215"]

1.d4 d5 2.c4 e6 3.Nc3 Nf6 4.Nf3 Be7 5.Bf4 O-O 6.e3 c6 7.Qc2 Nbd7 8.Bd3 dxc4
9.Bxc4 Nh5 10.Bg3 Re8 11.Bd3 Nf8 12.Be5 f6 13.Bg3 Qa5 14.O-O-O Bd7 15.Kb1 Rac8
16.Nd2 Nxg3 17.hxg3 g6 18.Nb3 Qc7 19.Nc5 Red8 20.Qb3 b6 21.Nxd7 Qxd7 22.g4 Kg7
23.f4 Qd6 24.f5 Qg3 25.fxg6 hxg6 26.Rh3 Qxg4 27.Rdh1 f5 28.Ne2 Bd6 29.e4 fxe4
30.Rh4 Qg5 31.Bxe4 Rd7 32.Qh3 Rf7 33.Rg4  1-0

[Event "SVK-chT"]
[Site "?"]
[Date "1994.??.??"]
[Round "?"]
[White "Kolesar, Milan"]
[Black "Kotan, Ladislav"]
[Result "0-1"]
[WhiteElo "2300"]
[BlackElo "2315"]

1.c4 e6 2.Nf3 d5 3.d4 Nf6 4.Nc3 Be7 5.Bf4 O-O 6.e3 dxc4 7.Bxc4 a6 8.Rc1 b5
9.Bd3 Bb7 10.O-O Nbd7 11.Ne5 Rc8 12.Nxd7 Qxd7 13.Be5 c5 14.Qe2 Rfd8 15.Rfd1 cxd4
16.Bxd4 Qc7 17.Nd5 Qxc1 18.Nxe7+ Kf8 19.Nxc8 Rxc8 20.Bc3 Rxc3 21.bxc3 Qxc3
22.Qc2 Qxc2 23.Bxc2 Ke7 24.f3 Nd5 25.Kf2 Nc3 26.Ra1 a5 27.a3 f5 28.Bb3 Kd6
29.Ke1 e5 30.Kd2 b4 31.axb4 axb4 32.Ra7 Kc7 33.Ra5 Kd6 34.Bg8 h6 35.Ra7 Kc7
36.Be6 Kb6 37.Ra1 g6 38.Bf7 g5 39.Be6 e4 40.f4 gxf4 41.exf4 Bd5 42.Bxf5 Kc5
43.g4 Kd4 44.Kc2 b3+ 45.Kb2 e3 46.g5 hxg5 47.fxg5 e2 48.Rg1 Nd1+ 49.Kc1 Ne3
50.Bg4 Nxg4 51.Rxg4+ Ke3  0-1

[Event "SVK-chT"]
[Site "?"]
[Date "1994.??.??"]
[Round "12"]
[White "Timoshchenko, Gennadi A"]
[Black "Kotan, Ladislav"]
[Result "1-0"]
[WhiteElo "2540"]
[BlackElo "2315"]

1.d4 d5 2.c4 e6 3.Nf3 Nf6 4.Nc3 Be7 5.Bf4 O-O 6.e3 dxc4 7.Bxc4 a6 8.Qe2 b5
9.Bd3 Bb7 10.Rd1 Nbd7 11.O-O Nh5 12.Be5 g6 13.Be4 Bxe4 14.Nxe4 f6 15.Bg3 Nxg3
16.hxg3 f5 17.Nc3 Bd6 18.e4 Nb6 19.Ne1 Bb4 20.Nd3 Bxc3 21.bxc3 fxe4 22.Qxe4 Qd5
23.Qe2 Rae8 24.Rfe1 Qc4 25.Rc1 Nd7 26.Nb4 a5 27.Qxc4 bxc4 28.Na6 e5 29.Nxc7 Rc8
30.Nd5 Rce8 31.dxe5 Rxe5 32.Ne3 Re4 33.f3 Re5 34.Nxc4 Rc5 35.Nd6 Ne5 36.Ne4 Rb5
37.Re2 Rfb8 38.c4 Rb1 39.Rc2 Nd3 40.Rxb1 Rxb1+ 41.Kh2 Nb4 42.Rd2 Ra1 43.c5 Kf8
44.Rd7 h6 45.Rd6 Rxa2 46.Rxg6 a4 47.Nc3 Ra3 48.Nxa4 Rxa4 49.Rg4 Ke7 50.Rd4 Kf6
51.c6 Ra6 52.c7 Rc6 53.Rd6+ Rxd6 54.c8=Q Nc6 55.Qf8+ Ke5 56.f4+ Kd5 57.Qf5+ Kc4
58.g4 Nd4 59.Qf8 Kd5 60.Kh3 Re6 61.Qa8+ Kd6 62.Qd8+ Kc5 63.g5 Re3+ 64.Kg4 hxg5
65.Qxg5+ Kc4 66.Qg8+ Kd3 67.Qd5 Re7 68.f5 Ke3 69.f6 Re4+ 70.Kh5 Ne6 71.g3 Kf3
72.f7 Ng7+ 73.Kg6 Ne6 74.Kf6 Nf8 75.Kf5  1-0

[Event "SWZ-chT"]
[Site "SWZ"]
[Date "1994.??.??"]
[Round "3"]
[White "Orlowski, Juergen"]
[Black "Begovac, Franja"]
[Result "0-1"]
[WhiteElo "2260"]
[BlackElo "2400"]

1.Nf3 d5 2.d4 Nf6 3.c4 e6 4.Nc3 Be7 5.Bf4 c5 6.dxc5 Na6 7.e3 Nxc5 8.cxd5 Nxd5
9.Nxd5 exd5 10.Bb5+ Bd7 11.Bxd7+ Qxd7 12.O-O O-O 13.Be5 Rac8 14.Qd4 f6 15.Bg3 Rfd8
16.Rfd1 Qb5 17.Rac1 Ne4 18.b3 Ba3 19.Rxc8 Rxc8 20.Qxa7 Bc5 21.Qa4 Qxa4 22.bxa4 Nc3
23.Rd2 Ra8 24.Rb2 Rxa4 25.Rxb7 Rxa2 26.Kf1 Ra1+ 27.Ne1 Ne4 28.Ke2 Ra2+ 29.Kf3 Rd2
30.Rb1 Bd6 31.Bxd6 Rxf2+ 32.Kg4 Nxd6 33.Rd1 Nc4 34.Kg3 Rf1 35.e4 dxe4 36.Rd4 Rxe1
37.Rxc4 f5 38.Rc7 Rf1 39.h4 h5 40.Re7 Kf8 41.Ra7 e3 42.Ra2 Kf7  0-1

[Event "SWZ-chT"]
[Site "SWZ"]
[Date "1994.??.??"]
[Round "3"]
[White "Pelletier, Yannick"]
[Black "Kelecevic, Nedeljko"]
[Result "1/2-1/2"]
[WhiteElo "2350"]
[BlackElo "2450"]

1.d4 Nf6 2.c4 e6 3.Nc3 d5 4.Nf3 Be7 5.Bf4 O-O 6.e3 c5 7.dxc5 Qa5 8.a3 dxc4
9.Bxc4 Qxc5 10.Qe2 Nc6 11.b4 Qh5 12.h3 Nd5 13.Nxd5 exd5 14.Bd3 Bf6 15.Rc1 Bf5
16.O-O Be4 17.Rc5 Bxf3 18.Qxf3 Qxf3 19.gxf3 Rad8 20.Rb1 g5 21.Bg3 Kg7 22.b5 Ne5
23.Be2 Rfe8 24.Rd1 d4 25.exd4 Nd7 26.Rc2 Nb6 27.Bf1 Bxd4 28.Rcd2 Bf6 29.Rxd8 Rxd8
30.Rxd8 Bxd8 31.Bb8 Nc8 32.Bd3 Be7 33.Be4 Bxa3 34.Bxb7 Bd6 35.Bxc8  1/2-1/2

[Event "Tel Aviv ASA"]
[Site "Tel Aviv"]
[Date "1994.??.??"]
[Round "9"]
[White "Davies, Nigel R"]
[Black "Istratescu, Andrei"]
[Result "1/2-1/2"]
[WhiteElo "2525"]
[BlackElo "2505"]

1.d4 d5 2.Nf3 Nf6 3.c4 e6 4.Nc3 Be7 5.Bf4 O-O 6.e3 c5 7.dxc5 Bxc5 8.Be2 Nc6
9.O-O dxc4 10.Bxc4 b6 11.Qxd8 Rxd8 12.Rfd1  1/2-1/2

[Event "Tilburg rapid20"]
[Site "Tilburg"]
[Date "1994.??.??"]
[Round "1"]
[White "Hansen, Curt"]
[Black "Boensch, Uwe"]
[Result "0-1"]
[WhiteElo "2605"]
[BlackElo "2540"]

1.c4 e6 2.Nc3 d5 3.d4 Nf6 4.Nf3 Be7 5.Bf4 O-O 6.e3 c5 7.dxc5 Bxc5 8.Qc2 Nc6
9.Rd1 Qa5 10.a3 Be7 11.Nd2 e5 12.Bg5 d4 13.Nb3 Qb6 14.Bxf6 Bxf6 15.Nd5 Qd8
16.Bd3 g6 17.exd4 exd4 18.Nxf6+ Qxf6 19.O-O a5 20.f4 Ne7 21.Qf2 Rd8 22.Bb1 Be6
23.Rxd4 a4 24.Rxd8+ Rxd8 25.Na5 Rd4 26.c5 Bd5 27.f5 Qg5 28.f6 Rd2 29.fxe7 Qxg2+
30.Qxg2 Rxg2+ 31.Kh1 Rg4+  0-1

[Event "Wiesbaden op"]
[Site "Wiesbaden"]
[Date "1994.??.??"]
[Round "9"]
[White "Sher, Miron N"]
[Black "Galdunts, Sergey"]
[Result "1/2-1/2"]
[WhiteElo "2520"]
[BlackElo "2475"]

1.c4 e6 2.Nf3 Nf6 3.Nc3 d5 4.d4 Be7 5.Bf4 O-O 6.e3 b6 7.cxd5 exd5 8.Bd3 c5
9.Ne5 Bb7 10.Qf3 Nbd7 11.O-O a6 12.Rad1 cxd4 13.exd4 Bb4 14.Bb1 Bxc3 15.bxc3  1/2-1/2